Normal view
MARC view
- Cooke, C. H. Claude
Entry Personal Name
001 - CONTROL NUMBER
- control field: 41305
003 - CONTROL NUMBER IDENTIFIER
- control field: NUST
005 - DATE AND TIME OF LATEST TRANSACTION
- control field: 20210314132024.0
008 - FIXED-LENGTH DATA ELEMENTS
- fixed length control field: 210314|| aca||aabn | a|a d
040 ## - CATALOGING SOURCE
- Original cataloging agency: NUST
- Transcribing agency: NUST
100 ## - HEADING--PERSONAL NAME
- Personal name: Cooke, C. H. Claude
670 ## - SOURCE DATA FOUND
- Source citation: Work cat.: (NUST): Cooke, C. H. Claude, Alternating current motors and control gear., 1945
